<?xml version="1.0" encoding="UTF-8"?>
<collection xmlns="http://www.loc.gov/MARC21/slim">
 <record>
  <leader>00489pamaa2200157   4500</leader>
  <controlfield tag="001">0000040332</controlfield>
  <controlfield tag="005">20060223090000.0</controlfield>
  <datafield tag="020" ind1="0" ind2="0">
   <subfield code="a">0155082566 (pbk) </subfield>
  </datafield>
  <datafield tag="082" ind1=" " ind2=" ">
   <subfield code="a">174 ENG</subfield>
  </datafield>
  <datafield tag="090" ind1="0" ind2="0">
   <subfield code="a">P94 </subfield>
   <subfield code="b">ENG</subfield>
  </datafield>
  <datafield tag="100" ind1="1" ind2="0">
   <subfield code="a">ENGLEHARDT </subfield>
  </datafield>
  <datafield tag="245" ind1="1" ind2="0">
   <subfield code="a">Media and ethics : </subfield>
   <subfield code="b">principles for moral decisions  </subfield>
   <subfield code="c">Elaine E. Englehardt, Ralph D. Barney.</subfield>
  </datafield>
  <datafield tag="260" ind1="0" ind2="0">
   <subfield code="a">Australia: </subfield>
   <subfield code="b">Wadsworth/Thomson Learning, </subfield>
   <subfield code="c">2002.</subfield>
  </datafield>
  <datafield tag="300" ind1=" " ind2=" ">
   <subfield code="a">334p.; </subfield>
   <subfield code="c">22 cm.</subfield>
  </datafield>
  <datafield tag="650" ind1="0" ind2="0">
   <subfield code="a">Mass media -- Moral and ethical aspects </subfield>
  </datafield>
  <datafield tag="700" ind1="1" ind2="1">
   <subfield code="a">Barney, </subfield>
   <subfield code="h">Ralph D </subfield>
  </datafield>
 </record>
</collection>
